| 000 | 01874nam a2200229 4500 | ||
|---|---|---|---|
| 008 | 170807b xxu||||| |||| 00| 0 eng d | ||
| 020 | _a0-534-54990-X | ||
| 082 |
_21999 _aDC 378.170281 _bSo7 |
||
| 100 |
_921661 _aSotiriou, Peter Elias |
||
| 245 |
_aIntegrating college study skills : _breasoning in reading, listening, and writing / _cPeter Elias Sotiriou |
||
| 250 | _aFifth edition. | ||
| 260 |
_aBelmont, CA : _bWadsworth Pub. Co., _c©1999 |
||
| 300 |
_axviii, 409 pages : _billustrations ; _c24 cm. |
||
| 500 | _aIncludes bibliographical references and index | ||
| 505 | _apt. 1. Skills for beginning your college career -- ch. 1. Getting to know your college -- ch. 2. Your learning inventory: your learning style, study time, and study area -- ch. 3. Using the library -- pt. 2. Basic reading, listening, and writing skills -- ch. 4. Locating the main idea -- ch. 5. Locating major and minor details -- ch. 6. Identifying organizational patterns -- ch. 7. Summarizing and paraphrasing -- ch. 8. Reading and listening for inferences -- ch. 9. Reading graphs, charts, and tables -- pt. 3. Taking lecture, discussion, and study notes -- ch. 10. Characteristics of lectures and discussions -- ch. 11. Commonly used note-taking techniques: numeral-letter, indenting, and Cornell -- ch. 12. Visual note-taking techniques: laddering and mapping -- pt. 4. Study skills systems and test-taking practices -- ch. 13. Memory aids -- ch. 14. SQ3R study system -- ch. 15. Suggestions for taking objective tests -- ch. 16. Suggestions for taking essay exams and math or science tests -- pt. 5. Applying SQ3R to textbook material | ||
| 650 | 0 |
_921662 _aStudy skills |
|
| 650 | 0 |
_921663 _aLanguage arts (Higher) |
|
| 650 | 0 |
_921664 _aEducation, Higher -- Computer-assisted instruction |
|
| 650 | 0 |
_921665 _aInternet in education |
|
| 365 |
_b2,787.00 _cPhp |
||
| 942 |
_2ddc _cDC |
||
| 999 |
_c7166 _d7166 |
||